000
00328nam a22001457a 4500
003
OSt
005
20160727222358.0
008
160622b xxu||||| |||| 00| 0 eng d
040
_c
TEST
100
_9
616
_a
Roy, A.T
245
_a
On Asia's Rim
260
_a
N.Y
_b
Friendship Press
_c
1962
300
_a
On Asia's Rim
942
_2
ddc
_c
BK
999
_c
501
_d
501